Probability, Markov Chains, Queues, and Simulation: The Mathematical Basis of Performance Modeling

Saved in:
Bibliographic Details
Main Author: Stewart, William J (Author)
Format: Book
Language:English
Published: Princeton Princeton University 2009
Edition:1a. ed
Subjects:
Tags: Add Tag
No Tags, Be the first to tag this record!

MARC

LEADER 00000nam a2200000 a 4500
001 UCH7437
003 CL-VaPUC
008 091112e20090000us |||||||||||||||||eng|d
020 |a 9780691140629 
082 0 4 |a 519.233  |b STE  |2 21 
100 0 |a Stewart, William J  |e author  |9 543887 
245 1 0 |a Probability, Markov Chains, Queues, and Simulation: The Mathematical Basis of Performance Modeling 
250 |a 1a. ed 
300 |a 747 p 
942 |c BK 
945 |d 20091112 00:00:00  |a dcastane 
260 |a Princeton  |b Princeton University  |c 2009 
650 0 |a Probabilidad  |9 349606 
650 0 |a Estadística   |9 259535 
650 0 |a Cadenas de Markov  |9 350699 
650 7 |a SIMULACION  |2 CL-VaPUC  |9 338579 
583 |a last modification  |c 20171205 04:15:51  |k Rodrigo Vera 
999 |c 338034  |d 338032 
952 |0 0  |1 0  |4 0  |6 519_233000000000000_STE_2009  |7 0  |8 A  |9 430820  |a BIBING  |b BIBING  |d 2019-11-22  |i 4618122  |l 3  |m 1  |o 519.233 STE 2009  |p 4618122  |r 2025-01-20  |s 2021-10-27  |w 2019-11-22  |y BK  |k EII